000 01689nam a2200301 i 4500
005 20220317000127.0
007 ta
008 200428s20112018mx gr 000 0 spa d
020 _a9789681607821
040 _aCO-BoRNBP
_bspa
_erda
_cCO-BoRNBP
041 0 _aspa
043 _as-ck---
082 0 4 _a864.44
_bP19a
_223
100 1 _aPaz, Octavio
_d1914-1998
_eautor
245 1 3 _aEl arco y la lira : el poema. La revelación poética. Poesía e historia
_cOctavio Paz
250 _aCuarta edición
_bVigésimo tercera reimpresión
264 1 _aMéxico
_bFondo de Cultura Económica
_c2011
_c2018
300 _a308 páginas
_c21 cm
336 _atexto
_btxt
_2rdacontent
337 _asin mediación
_bn
_2rdamedia
338 _avolumen
_bnc
_2rdacarrier
500 _aIncluye índice onomástico
520 3 _aReflexiones de Octavio Paz sobre el fenómeno poético. En la primera parte del libro, examina la naturaleza del poema y hace un análisis de sus componentes: lenguaje, ritmo e imagen. En la segunda parte, examina las diferencias y semejanzas entre la experiencia poética y la religiosa, dedica un capítulo al tema de la inspiración y concluye afirmando que la experiencia poética es irreductible a cualquier otra. Octavio Paz explica la manera en que la poética está directamente relacionada con la experiencia del ser humano. Sin el ser humano: lector, espectador o habitante de una obra, no se puede hablar de la existencia del fenómeno poético
650 1 7 _aAutores mexicanos
_vEnsayos, conferencias, etc
_2ARMARC
650 1 7 _aLiteratura mexicana
_vEnsayos, conferencias, etc
_2ARMARC
650 1 7 _aPoética
_vEnsayos, conferencias, etc
_2ARMARC
942 _2ddc
_cBKLIT
999 _c3173
_d3173